| 000 | 00781nam a22002177a 4500 | ||
|---|---|---|---|
| 005 | 20100813153637.0 | ||
| 010 | _aENG-100246 | ||
| 020 | _c130.00 | ||
| 035 | _aEN-83778 | ||
| 037 | _bDBAD/PUB | ||
| 082 | _a398.20954133 | ||
| 100 |
_aPasayat, Chitrasen _912860 |
||
| 245 |
_aTribal non-tribal divide : _bmyth and reality / _cby Chitrasen Pasayat |
||
| 260 |
_aBhubaneswar _bSarmistha Barik _c2007 |
||
| 270 |
_a152, Vijay Vihar, Nuagaon Garh _bBhubaneswar _e2 |
||
| 300 |
_aviii,176p. _c21cm (Hb) |
||
| 500 | _aIncludes references | ||
| 650 |
_aOral Tradition _912861 |
||
| 942 |
_2ddc _cEN _h398.20954133 _mPAS |
||
| 999 |
_c41707 _d41707 |
||